<?xml version="1.0" encoding="UTF-8"?>
<record
    xmlns:xsi="http://www.w3.org/2001/XMLSchema-instance"
    xsi:schemaLocation="http://www.loc.gov/MARC21/slim http://www.loc.gov/standards/marcxml/schema/MARC21slim.xsd"
    xmlns="http://www.loc.gov/MARC21/slim">

  <leader>02072agaaa2200337   4500</leader>
  <controlfield tag="001">5768</controlfield>
  <controlfield tag="003">IT-RoPAU</controlfield>
  <controlfield tag="005">20220918181254.0</controlfield>
  <controlfield tag="007">d cvaizq</controlfield>
  <controlfield tag="008">50131s9999||||xx ||| |     ||   ||und||</controlfield>
  <datafield tag="040" ind1=" " ind2=" ">
    <subfield code="a">IT-RoPAU</subfield>
    <subfield code="c">IT-RoPAU</subfield>
  </datafield>
  <datafield tag="041" ind1=" " ind2=" ">
    <subfield code="a">INGLESE</subfield>
  </datafield>
  <datafield tag="100" ind1=" " ind2=" ">
    <subfield code="a">Jewison Norman</subfield>
    <subfield code="g">Codice regista SPICS: 13323</subfield>
    <subfield code="9">50240</subfield>
  </datafield>
  <datafield tag="130" ind1=" " ind2=" ">
    <subfield code="a">JESUS CHRIST SUPERSTAR</subfield>
    <subfield code="9">50241</subfield>
  </datafield>
  <datafield tag="240" ind1=" " ind2=" ">
    <subfield code="a">JESUS CHRIST SUPERSTAR</subfield>
    <subfield code="g">T1986</subfield>
  </datafield>
  <datafield tag="245" ind1=" " ind2=" ">
    <subfield code="a">JESUS CHRIST SUPERSTAR</subfield>
    <subfield code="c">Prodotto da: Jewison N. Palmer P. -- Sceneggiatura: Bragg Melvin Jewison Norman -- Diretto da: Jewison Norman</subfield>
    <subfield code="p">JESUS CHRIST SUPERSTAR (Rif. Codice opera principale : H5768)</subfield>
  </datafield>
  <datafield tag="246" ind1=" " ind2=" ">
    <subfield code="a">JESUS CHRIST SUPERSTAR</subfield>
  </datafield>
  <datafield tag="250" ind1=" " ind2=" ">
    <subfield code="a">Edizione Standard</subfield>
  </datafield>
  <datafield tag="260" ind1=" " ind2=" ">
    <subfield code="a">(USA)</subfield>
    <subfield code="b">UNIVERSAL / Distribuzione: MEDIAWORLD</subfield>
    <subfield code="g">"1973 (1&#xB0; ed.: 2005 ; Ed. Lingua Orig.: 1973)"</subfield>
  </datafield>
  <datafield tag="300" ind1=" " ind2=" ">
    <subfield code="a">DVD</subfield>
    <subfield code="b">sonoro, col.</subfield>
    <subfield code="c">108 minuti</subfield>
  </datafield>
  <datafield tag="508" ind1=" " ind2=" ">
    <subfield code="a">"Fotografia: Slocombe Douglas; Montaggio: Gibbs Antony; Musica: Webber Andrew Lloyd; Sceneggiatura: Bragg Melvin Jewison Norman; Scenografia: Macdonald Richard; "</subfield>
  </datafield>
  <datafield tag="511" ind1=" " ind2=" ">
    <subfield code="a">"Neeley Ted; Anderson Carl; Elliman Yvonne; Dennen Barry; Bingham Bob; Marshall L.; T."</subfield>
  </datafield>
  <datafield tag="520" ind1=" " ind2=" ">
    <subfield code="a">IL FILM NARRATIVAMENTE SI BASA SUGLI EPISODI EVANGELICI DELLA PASSIONE DI CRISTO INTRODOTTI DAL RISENTIMENTO DI GIUDA PER IL PRESUNTO SPERPERO OPERATO DALLA MADDALENA CHE PROFONDE NARDO PREZIOSO SU GESU'. I PRINCIPALI SONO: L'ENTRATA IN GERUSALEMME, LA CACCIATA DEI PROFANATORI DAL TEMPIO, LA CONGIURA DEI SOMMI SACERDOTI, L'ULTIMA CENA, IL TRADIMENTO DI GIUDA, LO SPERGIURODI PIETRO, IL SIGNORE GIUDICATO PRESSO IL SINEDRIO E PILATO, CONDOTTO DAVANTI A ERODE, LA CROCIFISSIONE. IL FILM E' BASATO SULL'OPERA ROCK OMONIMA.</subfield>
  </datafield>
  <datafield tag="538" ind1=" " ind2=" ">
    <subfield code="a">PAL, STEREO</subfield>
  </datafield>
  <datafield tag="546" ind1=" " ind2=" ">
    <subfield code="a">INGLESE</subfield>
  </datafield>
  <datafield tag="650" ind1=" " ind2=" ">
    <subfield code="a">DRAMMA MUSICALE</subfield>
    <subfield code="e">DVD-FILM [DVD]</subfield>
    <subfield code="x">Codice MATERIA SPICS: 9947</subfield>
    <subfield code="9">50242</subfield>
  </datafield>
  <datafield tag="700" ind1=" " ind2=" ">
    <subfield code="a">Jewison Norman </subfield>
    <subfield code="e">(regista)</subfield>
    <subfield code="g">Codice regista SPICS: 13323</subfield>
    <subfield code="9">50243</subfield>
  </datafield>
  <datafield tag="700" ind1=" " ind2=" ">
    <subfield code="a">Rice Tim </subfield>
    <subfield code="e">(soggetto)</subfield>
    <subfield code="g">Codice Soggetto SPICS: 11116</subfield>
    <subfield code="9">50244</subfield>
  </datafield>
  <datafield tag="700" ind1=" " ind2=" ">
    <subfield code="a">Webber Andrew Lloyd</subfield>
    <subfield code="e">(musica)</subfield>
    <subfield code="g">Codice Musica SPICS: 11199</subfield>
    <subfield code="9">50245</subfield>
  </datafield>
  <datafield tag="942" ind1=" " ind2=" ">
    <subfield code="c">DV</subfield>
    <subfield code="2">ddc</subfield>
  </datafield>
  <datafield tag="999" ind1=" " ind2=" ">
    <subfield code="c">107071</subfield>
    <subfield code="d">107071</subfield>
  </datafield>
  <datafield tag="952" ind1=" " ind2=" ">
    <subfield code="0">0</subfield>
    <subfield code="1">0</subfield>
    <subfield code="4">0</subfield>
    <subfield code="6">H_5768_000000000000000</subfield>
    <subfield code="7">1</subfield>
    <subfield code="a">SPICS</subfield>
    <subfield code="b">SPICS</subfield>
    <subfield code="d">2015-01-31</subfield>
    <subfield code="l">0</subfield>
    <subfield code="o">H5768</subfield>
    <subfield code="r">2015-01-31 00:00:00</subfield>
    <subfield code="w">2015-01-31</subfield>
    <subfield code="y">DV</subfield>
    <subfield code="z">Progr. Ins.: 3320 / N.Vol.:1 / Copie: 1 / Pag.:0 / Copia rara: n.d. / date import: 1.2.2015 / By Epidotti, Trombetti, Vaglietti</subfield>
  </datafield>
</record>
